Movies Quiz

Random Movies or Numbers Quiz

Is That a Sequel? Quiz Stats

 Plays Quiz Updated Jul 27, 2019

Score 0/32 Timer 02:00
3 Plays Today
Movie Sequel (S) or Not (N) % Correct
Ocean's Twelve???
90.9%
Back to the Future???
90.4%
The Dark Knight Rises???
90.4%
2 Fast 2 Furious???
90.2%
The Lost World: Jurassic Park???
89.7%
The Emperor's New Groove???
89.2%
Apollo 13???
89.1%
Journey 2: The Mysterious Island???
88.7%
Close Encounters of the Third Kind???
88.2%
The Naked Gun 2½: The Smell of Fear???
88.1%
The Day After Tomorrow???
87.6%
Big Hero 6???
87.4%
17 Again???
86.9%
I Still Know What You Did Last Summer???
86.2%
Final Destination???
85.6%
Johnny English Reborn???
85.3%
Movie Sequel (S) or Not (N) % Correct
Hot Shots! Part Deux???
83.9%
22 Jump Street???
82.5%
Dawn of the Planet of the Apes???
82.2%
The Fourth Protocol???
78.5%
The Next Three Days???
77.2%
Star Trek: First Contact???
76.6%
28 Days Later???
76%
Aliens???
75.5%
Still Alice???
71.3%
Jungle 2 Jungle???
69.2%
Jason Bourne???
68.7%
Think Like a Man Too???
65.8%
The Second Best Exotic Marigold Hotel???
61.1%
Leonard Part 6???
60.6%
Cradle 2 the Grave???
60.5%
The Last Exorcism???
51.1%

You're not logged in!

Compare scores with friends on all Sporcle quizzes.
OR
Log In

Sporcle TV

Today on Sporcle TV


Watch our educational content, quiz creation guides, and fun videos on Sporcle TV.

Show Comments

Extras

Top Quizzes Today


Score Distribution

Your Account Isn't Verified!

In order to create a playlist on Sporcle, you need to verify the email address you used during registration. Go to your Sporcle Settings to finish the process.

Report this User

Report this user for behavior that violates our Community Guidelines.

Details: